00695 a2200205 4500010001400000020002300014035001300037037001800050082001000068090001500078100001700093245003900110260003900149270008300188300002400271500002000295942002500315999001500340952013400355 aENG-85357 c600.00a8183770746 aEN-68890 bD.B.Act / Pub14a070.1 c2133d21331 aVerma, N. K.1 aMedia and Societycby N. K. Verma aNew DelhibMahaveer and Sonsc2006 a4346/4C, Ansari Road, Darya GanjbNew Delhik011-23287638, 9811008399e110 002 a236 p.c21 cm (Hb.) aIncludes index adplcENk070.1 / VER c2095d2095 00102ddc40718NFICaDBADbDBADeDBAD/PUBg600.00l0o070.1 VERpEN-68890r2008-09-15 00:00:00t1u2214v600.00w2008-09-15yEN